<?xml version="1.0" encoding="UTF-8"?>
<collection xmlns="http://www.loc.gov/MARC21/slim">
  <record>
    <leader>00000nam  2200000   4500</leader>
    <controlfield tag="001">INLIS000000000014185</controlfield>
    <controlfield tag="008">###################################ind##</controlfield>
    <datafield tag="035" ind1="#" ind2="#">
      <subfield code="a">0010-0922000947</subfield>
    </datafield>
    <datafield tag="245" ind1="#" ind2="#">
      <subfield code="a">Peningkatan Kemampuan Melalui Aplikasi Bimbingan Keterampilan Minat Dan Bakat Guna Terwujudnya Keberfungsian Sosial Eks Klien Penyalahguna Napza Dalam Pelaksanaan Rehabilitasi Sosial (Direktorat Rehabiltasi Sosial Korban Penyalahgunaan Narkotika, Psikotropika Dan Zat Adiptif – Kementerian Sosial R.I /</subfield>
      <subfield code="c">Victorious Saut Hamonangan Siahaan</subfield>
    </datafield>
    <datafield tag="100" ind1="#" ind2="#">
      <subfield code="a">Siahaan, Victorious Saut Hamonangan</subfield>
    </datafield>
    <datafield tag="260" ind1="#" ind2="#">
      <subfield code="a">Sumedang :</subfield>
      <subfield code="b">Puslatbang PKASN LAN,</subfield>
      <subfield code="c">2021</subfield>
    </datafield>
    <datafield tag="300" ind1="#" ind2="#">
      <subfield code="a">30 hal ;</subfield>
      <subfield code="c">21 cm</subfield>
    </datafield>
    <datafield tag="084" ind1="#" ind2="#">
      <subfield code="a">R P2/XI/002 2021</subfield>
    </datafield>
    <datafield tag="520" ind1="#" ind2="#">
      <subfield code="a">Coach :Burdan Ali Junjunan</subfield>
    </datafield>
    <datafield tag="082" ind1="#" ind2="#">
      <subfield code="a">R P2/XI/002 2021</subfield>
    </datafield>
    <datafield tag="990" ind1="#" ind2="#">
      <subfield code="a">PP2.2021.00062</subfield>
    </datafield>
  </record>
</collection>
